Nghiên cứu tổng hợp zeolite từ tro trấu ứng dụng trong xử lý nước nuôi trồng thủy sản : Báo cáo tổng kết đề tài Khoa học và Công nghệ cấp trường

Tổng hợp zeolite 4A từ tro trấu, thử nghiệm và đánh giá khả năng ứng dụng trong xử lý nước thủy sản của sản phẩm zeolite.

Uloženo v:
Podrobná bibliografie
Hlavní autor: Thiều, Quang Quốc Việt
Médium: Kniha
Jazyk:Undetermined
Vydáno: Cần Thơ Trường Đại học Cần Thơ 2017
Témata:
Tagy: Přidat tag
Žádné tagy, Buďte první, kdo otaguje tento záznam!
Thư viện lưu trữ: Trung tâm Học liệu Trường Đại học Cần Thơ
LEADER 01074nam a2200217Ia 4500
001 CTU_230140
008 210402s9999 xx 000 0 und d
082 |a 628.351 
082 |b V308 
088 |a T2017-04 
100 |a Thiều, Quang Quốc Việt 
245 0 |a Nghiên cứu tổng hợp zeolite từ tro trấu ứng dụng trong xử lý nước nuôi trồng thủy sản : 
245 0 |b Báo cáo tổng kết đề tài Khoa học và Công nghệ cấp trường 
245 0 |c Thiều Quang Quốc Việt (Chủ nhiệm đề tài) 
260 |a Cần Thơ 
260 |b Trường Đại học Cần Thơ 
260 |c 2017 
520 |a Tổng hợp zeolite 4A từ tro trấu, thử nghiệm và đánh giá khả năng ứng dụng trong xử lý nước thủy sản của sản phẩm zeolite. 
650 |a Công nghệ sinh học nông nghiệp,Agricultural biotechnology 
910 |b nthai 
980 |a Trung tâm Học liệu Trường Đại học Cần Thơ